Animated Movies by Picture - F - Statistics

General Stats
  • This quiz has been taken 502 times
  • The average score is 6 of 12
Answer Stats
Picture Answer % Correct
Frozen
100%
Finding Nemo
98%
Fantasia
77%
The Fox and the Hound
72%
Fantastic Mr. Fox
69%
Ferdinand
61%
Flushed Away
60%
Frankenweenie
53%
Free Birds
25%
From Up on Poppy Hill
13%
Fireworks
8%
Fly Me to the Moon
5%
No matching quizzes found
Score Distribution
Percent of People with Each Score
Percentile by Number Answered
Your Score History
You have not taken this quiz